000 00872nas a2200313 4500
001 BR0002840
003 BR-BrBNA
005 20231205101906.0
007 ta
008 230509b bl.|||p| |||| 00| 00por d
040 _aBR-BrBNA
_bpor
_cBiblioteca Nacional de Agricultura
041 _a(Pt)
072 _aF01
100 1 _aNasser, L.C.B.
100 1 _aVieira, R.F.
245 1 _aDesempenho de especies de Phaseolus e Vigna no cerrado de Planaltina, DF
650 _aFeijao
650 _aFeijao Fava
650 _aFeijao Mungo
650 _aVariedade
650 _aFeijao-Arroz
650 _aFeijao de Corda
650 _aProdutividade
650 _aCerrado
650 _aDistrito Federal
773 0 _tCientifica (Brazil)
_xISSN 0100-0039
_g(1997), v. 25(1) p. 223-227
_wBR0002840
909 _a202311
_bLúcia
_c55
_dLúcia Elande
942 _2AGRIS
_n0
_cANA
999 _c164549
_d164549